History Quiz

Random History or Famous Quiz
Score 0/80 Timer 15:00
0 Plays Today
Hint Answer % Correct
Francis Drake
c.1540-1596
UK
96.5%
Walter Raleigh
c.1554-1618
UK
96.5%
James Cook
1728-1779
UK
95.6%
Christopher Columbus
1451-1506
Italy
94.7%
Marco Polo
c.1254-1324
Italy
94.7%
Francisco Pizarro
c.1471 or 1476-1541
Spain
94.5%
Juan Ponce de León
1474-1521
Spain
94.5%
Jacques Cartier
1491-1557
France
93.7%
Pytheas of Massalia
c.350-c.285 BC
France
93.6%
Roald Amundsen
1872-1928
Norway
93.3%
Fridtjof Nansen
1861-1930
Norway
93.3%
Vasco da Gama
1460 or 1469-1524
Portugal
92.3%
Ferdinand Magellan
1480-1521
Portugal
92.3%
Vitus Bering
1681-1741
USA
88.6%
David Livingstone
1813-1873
UK
82.1%
Robert Falcon Scott
1868-1912
UK
82.1%
Ferdinand Magellan
1480-1521
Pacific Ocean
81.3%
Christopher Columbus
1451-1506
1492
80.5%
Jacques Cartier
1491-1557
Canada
80.3%
Alexander von Humboldt
1769-1859
Germany
79.6%
Leif Ericson
c.970-c.1020
Iceland
79.5%
Leif Ericson
c.970-c.1020
North America
79.2%
Ferdinand Magellan
1480-1521
South America
75.2%
Roald Amundsen
1872-1928
Arctic Ocean
75.1%
Abel Tasman
1603-1659
New Zealand
75%
Christopher Columbus
1451-1506
Santa María
74.7%
Marco Polo
c.1254-1324
Silk Road
74.1%
Francisco Pizarro
c.1471 or 1476-1541
Inca
73.4%
Vitus Bering
1681-1741
Denmark
73.3%
Vasco da Gama
1460 or 1469-1524
India
73.3%
David Livingstone
1813-1873
Victoria Falls
72.3%
Ernest Shackleton
1874-1922
Antarctica
69.3%
Walter Raleigh
c.1554-1618
Virginia
68.9%
Juan Ponce de León
1474-1521
Florida
68.3%
Juan Ponce de León
1474-1521
Fountain of Youth
67.3%
Ernest Shackleton
1874-1922
Ireland
67%
Roald Amundsen
1872-1928
South Pole
66.7%
Vitus Bering
1681-1741
Scurvy
65.9%
Pytheas of Massalia
c.350-c.285 BC
The Moon
65.2%
Vitus Bering
1681-1741
Navy
63.6%
Hint Answer % Correct
Abel Tasman
1603-1659
Netherlands
62.1%
Fridtjof Nansen
1861-1930
Skiing
61.9%
Abel Tasman
1603-1659
Tasmania
61.3%
Leif Ericson
c.970-c.1020
Christianity
58.7%
Christopher Columbus
1451-1506
Dominica
58.6%
Fridtjof Nansen
1861-1930
Peace
57.7%
Fridtjof Nansen
1861-1930
Greenland
57.6%
Francisco Pizarro
c.1471 or 1476-1541
Lima
57%
Leif Ericson
c.970-c.1020
Erik the Red
54.2%
Walter Raleigh
c.1554-1618
El Dorado
52%
Francisco Pizarro
c.1471 or 1476-1541
Hernán Cortés
50.2%
Roald Amundsen
1872-1928
Northwest Passage
49.7%
Marco Polo
c.1254-1324
Venice
48.1%
Jacques Cartier
1491-1557
Saint Lawrence
46.3%
David Livingstone
1813-1873
Henry Stanley
45.7%
Jacques Cartier
1491-1557
Montreal
43.6%
Francis Drake
c.1540-1596
Spanish Armada
42.9%
James Cook
1728-1779
Hawaiian Islands
40.3%
Robert Falcon Scott
1868-1912
Four
38.5%
Walter Raleigh
c.1554-1618
James I
37.1%
Ferdinand Magellan
1480-1521
Philippines
36.9%
Alexander von Humboldt
1769-1859
Thomas Jefferson
36.6%
Pytheas of Massalia
c.350-c.285 BC
Baltic Sea
36.5%
David Livingstone
1813-1873
Zambezi
34.1%
Pytheas of Massalia
c.350-c.285 BC
Midnight
32.8%
James Cook
1728-1779
Botany Bay
29.2%
Juan Ponce de León
1474-1521
Puerto Rico
28.6%
Robert Falcon Scott
1868-1912
Terra Nova
25.4%
Francis Drake
c.1540-1596
Golden Hind
24.1%
Marco Polo
c.1254-1324
Kublai Khan
22.6%
Vasco da Gama
1460 or 1469-1524
Goa
21.4%
Robert Falcon Scott
1868-1912
Ross Ice Shelf
20%
Alexander von Humboldt
1769-1859
Penguin
19.8%
Alexander von Humboldt
1769-1859
Orinoco
18.2%
James Cook
1728-1779
HMS Endeavour
16.7%
Abel Tasman
1603-1659
New Holland
13.7%
Vasco da Gama
1460 or 1469-1524
Bartolomeu Dias
11.9%
Ernest Shackleton
1874-1922
South Georgia
11%
Ernest Shackleton
1874-1922
Endurance
9.3%
Francis Drake
c.1540-1596
El Draque
4.6%
Remove Ads.
Support Sporcle.
Get the best of Sporcle when you Go Orange. This ad-free experience offers more features, more stats, and more fun while also helping to support Sporcle. Thank you for becoming a member.

You're not logged in!

Compare scores with friends on all Sporcle quizzes.
OR
Log In

Show Comments

Extras

Top Quizzes Today


Score Distribution

Your Account Isn't Verified!

In order to create a playlist on Sporcle, you need to verify the email address you used during registration. Go to your Sporcle Settings to finish the process.

Report this User

Report this user for behavior that violates our Community Guidelines.

Details: